| 000 | 00351nam a2200133Ia 4500 | ||
|---|---|---|---|
| 008 | 240624s9999 xx 000 0 und d | ||
| 041 | _aeng | ||
| 082 | _a346.07 KUM | ||
| 100 | _aKUMAR ANIL | ||
| 245 | _aCOMPANY AND COMPENSATION LAW | ||
| 260 |
_c2012 _aNew Delhi _bInternational Book House |
||
| 300 | _avii, : 352 : p. : cm. ; 24 | ||
| 365 |
_cRS _b32 |
||
| 999 |
_c21636 _d21636 |
||